Statistics for Journey Songs

Click here to take the quiz!

General Stats

  • This quiz has been taken 318 times
  • The average score is 6 of 9

Answer Stats

HintAnswer% Correct
dont stop ___ hold onto that feelingbelievin'
96%
lovin', touchin', _____squeezin'
80%
when the lights go down in the citylights
73%
she loves to dance, she loves to sing, she does everythingany way you want it
71%
some day love will find you, break those chains that bind youseparate ways
67%
Circus life Under the big top world We all need the clowns to make us smilefaithfully
66%
lying beside you, here in the dark, feeling your heart beatopen arms
64%
havent been home in a year or more, i hope she holds on a little longerwheel in the sky
56%
its been so long, since ive seen her face, you say shes doing finesend her my love
34%

Score Distribution

Percentile by Number Answered

Percent of People with Each Score

Your Score History

You have not taken this quiz